Responses for show #4217 - Tuesday, December 24, 2002

(Sofia: Clues about horses, next on Jeopardy!)

Contestants

Dave Hiersekorn, a recent law school graduate from Yorba Linda, California

Jennifer Stolarski, a library science graduate student from St. Clair Shores, Michigan

Marc Goldenberg, an economist from Miami Beach, Florida (whose 1-day cash winnings total $5,600)

Jeopardy! Round responses

THE DECLARATION OF INDEPENDENCE
ABBREV.
HORSING AROUND
SNACK FOODS
THE NBA
(Alex: And, appropriately...)
CHRISTMAS
    $200 1
Thomas Jefferson

Marc
    $200 6
as soon as possible

Jennifer
    $200 11
hoof

Marc
    $200 12
corn dog

Jennifer
    $200 26
Michael Jordan

Marc
    $200 17
reindeer

Marc
    $400 2
(Marc: What is Delaware?)

Rhode Island

MarcDave
    $400 7
People for the Ethical Treatment of Animals

Dave
    $400 22
(Jennifer: What is a gallop?)

trot

MarcJennifer
    $400 13
pretzel

Jennifer
    $400 27
Phil Jackson

Marc
    $400 18
"The Chipmunk Song"

Jennifer
    $600 3
King George III

Marc
    $600 8
over the counter

Marc
    $600 23
pony

Marc
    $600 14
Cheetos

Jennifer
    $600 28
Hakeem Olajuwon

Triple Stumper
    $600 19
Clement Clarke Moore

Triple Stumper
    $800 4
(Marc: What is life?)

that all men are created equal

MarcDave
    $800 9
master of fine arts

Marc
    $3,000 24
Arabian

Marc
    $800 15
Pockets

Marc
    $800 29
Red Auerbach

Dave
    $800 20
(Marc: Who is Father Christmas?)

Kris Kringle

Marc
Triple Stumper
    $1000 5
(Jennifer: Who is John Quincy Adams?)

Benjamin Harrison

Jennifer
Triple Stumper
    $1000 10
Greenwich Mean Time

Marc
    $1000 25
(Alex: Minute to go now.)

girth

Marc
    $1000 16
Little Debbie

Marc
    $1000 30
Muggsy

Dave
    $1000 21
Christopher Radko

Jennifer

Scores at the first commercial break (after clue 16):

Marc Jennifer Dave
$4,000 $400 $1,600

Scores at the end of the Jeopardy! Round:

Marc Jennifer Dave
$9,000 $1,400 $3,400

Double Jeopardy! Round responses

CROSSING JORDAN
ANGEL
WHOSE LINE IS IT ANYWAY?
LAW & ORDER
ALIAS
"SMALL"VILLE
    $400 16
Amman

Marc
    $400 21
wings

Marc
    $400 26
Humphrey Bogart

Marc
    $400 11
(Marc: What is beyond the shadow of a doubt?)

reasonable doubt

MarcJennifer
    $400 6
Butch Cassidy

Marc
    $400 1
small talk

Jennifer
    $800 17
Moses

Marc
    $800 22
Archangels

Jennifer
    $800 27
Robert De Niro

Marc
    $800 12
lien

Marc
    $800 7
Ho Chi Minh

Marc
    $800 2
small screen

Jennifer
    $1200 18
(Jennifer: What is the Dead Sea?)
(Marc: What is the Red Sea?)

Sea of Galilee

MarcJennifer
Triple Stumper
    $1200 23
trumpet

Marc
    $1200 28
(Alex: I have fun with these, as you know. I don't get 'em right, but I have fun!)

Edward G. Robinson

Marc
    $1200 13
testate

Dave
    $1200 8
(Marc: Who is Billy the Kid?)

Jesse James

Marc
Triple Stumper
    $1200 3
small potatoes

Marc
    $1600 19
Syria & Saudi Arabia

Triple Stumper
    $1600 24
Angelus

Marc
    $1600 29
Mel Gibson (from Braveheart)

Marc
    $4,000 14
writ of prohibition

Dave
    $1600 9
Patty Hearst

Marc
    $1600 4
a small pond

Marc
    $2000 20
(Marc: What is Haifa?)

Gulf of Aqaba

Marc
Triple Stumper
    $2000 25
(Alex: Less than a minute now.)

Virgil

Marc
    $2000 30
Peter O'Toole

Marc
    $2000 15
nolo contendere

Marc
    $7,000 10
(Marc: It's at the tip of my tongue; I don't remember.)

William Quantrill

Marc
    $2000 5
smallpox

Jennifer

Scores at the end of the Double Jeopardy! Round:

Marc Jennifer Dave
$18,000 $4,600 $8,600
(lock game)

[wagering suggestions for these scores]

Final Jeopardy! Round responses

U.S. STATES
JenniferWhat is ?
$1,400
DaveWhat is Georgia?
$6,000
MarcWhat is Delaware
$799
New Jersey

Final scores:

Marc Jennifer Dave
$17,201 $3,200 $2,600
2-day champion: $22,801 2nd place: $2,000 3rd place: $1,000

Game dynamics:

Coryat scores:

Marc Jennifer Dave
$22,800 $4,600 $6,200
33 R
(including 1 DD),
8 W
(including 1 DD)
11 R,
3 W
7 R
(including 1 DD),
0 W

Combined Coryat: $33,600

The J! Archive is created by fans, for fans. The Jeopardy! game show and all elements thereof, including but not limited to copyright and trademark thereto, are the property of Jeopardy Productions, Inc. and are protected under law. This website is not affiliated with, sponsored by, or operated by Jeopardy Productions, Inc. Join the discussion at JBoard.tv.